Latinoamérica, las ciudades y las ideas / (Registro nro. 63123)

Detalles MARC
000 -LEADER
campo de control de longitud fija 02547am aa2200445i 44500
003 - IDENTIFICADOR DE NÚMERO DE CONTROL
campo de control PE-LiUPU
005 - FECHA Y HORA DE LA ÚLTIMA TRANSACCIÓN
campo de control 20251023151730.0
008 - DATOS DE LONGITUD FIJA--INFORMACIÓN GENERAL
campo de control de longitud fija 2302s2023 ag#a rb 001 0 spa d
020 ## - NÚMERO INTERNACIONAL ESTÁNDAR DEL LIBRO
Número Internacional Estándar del Libro 9789878012124
035 ## - NÚMERO DE CONTROL DEL SISTEMA
Número de control de sistema PE-LiUPU000043
040 ## - FUENTE DE CATALOGACIÓN
Centro catalogador/agencia de origen PE-LiUPU
Lengua de catalogación spa
Centro/agencia transcriptor PE-LiUPU
Normas de descripción rda
082 04 - NÚMERO DE LA CLASIFICACIÓN DECIMAL DEWEY
Número de clasificación 307.76098
Número de edición 23
Cutter R763l
100 1# - ENTRADA PRINCIPAL--NOMBRE DE PERSONA
Nombre de persona Romero, José Luis,
Término indicativo de función/relación autor.
9 (RLIN) 7358
245 10 - MENCIÓN DEL TÍTULO
Título Latinoamérica, las ciudades y las ideas /
Mención de responsabilidad, etc. por José Luis Romero.
250 ## - MENCION DE EDICION
Mención de edición 4ª edición.
264 #1 - PRODUCCIÓN, PUBLICACIÓN, DISTRIBUCIÓN, FABRICACIÓN Y COPYRIGHT
Producción, publicación, distribución, fabricación y copyright Ciudad Autónoma de Buenos Aires :
Nombre del de productor, editor, distribuidor, fabricante Siglo XXI Editores Argentina,
Fecha de producción, publicación, distribución, fabricación o copyright 2023.
300 ## - DESCRIPCIÓN FÍSICA
Extensión 382 páginas ;
Dimensiones 23 cm.
336 ## - TIPO DE CONTENIDO
Término de tipo de contenido texto
Código de tipo de contenido txt
Fuente rdacontent
337 ## - TIPO DE MEDIO
Nombre/término del tipo de medio sin mediación
Código del tipo de medio n
Fuente rdamedia
338 ## - TIPO DE SOPORTE
Nombre/término del tipo de soporte volumen
Código del tipo de soporte nc
Fuente rdacarrier
490 0# - MENCIÓN DE SERIE
Mención de serie Hacer historia
500 ## - NOTA GENERAL
Nota general Publicado originalmente en 1976.
500 ## - NOTA GENERAL
Nota general Diseño de cubierta: Ariana Jenik.
500 ## - NOTA GENERAL
Nota general Impreso en Arcángel Maggio - División Libros, Buenos Aires, en febrero de 2023.
504 ## - NOTA DE BIBLIOGRAFÍA, ETC.
Nota de bibliografía, etc. Incluye bibliografía e índice de autores citados (p. 377–384).
505 0# - NOTA DE CONTENIDO CON FORMATO
Nota de contenido con formato Prólogo -- Introducción -- Latinoamérica en la expansión europea -- El ciclo de las fundaciones -- Las ciudades hidalgas de Indias -- Las ciudades criollas -- Las ciudades patricias -- Las ciudades burguesas -- Las ciudades masificadas -- Índice de autores citados.
520 ## - RESUMEN, ETC.
Sumario, etc. Obra clásica de la historiografía latinoamericana que analiza la evolución de las ciudades de América Latina como expresión de las ideas, valores y estructuras sociales de cada época. A partir de la comparación con la historia urbana europea, el autor desarrolla una interpretación cultural de la ciudad latinoamericana desde la Colonia hasta el siglo XX, como escenario de los procesos de hibridación, modernización y cambio social.
546 ## - NOTA DE IDIOMA
Nota de lengua/lenguaje Texto en español.
650 14 - PUNTO DE ACCESO ADICIONAL DE MATERIA--TÉRMINO DE MATERIA
Término de materia o nombre geográfico como elemento de entrada Ciudades y civilización
Subdivisión general Historia.
9 (RLIN) 7359
650 24 - PUNTO DE ACCESO ADICIONAL DE MATERIA--TÉRMINO DE MATERIA
Término de materia o nombre geográfico como elemento de entrada Urbanización
Subdivisión general Aspectos sociales.
9 (RLIN) 7360
650 24 - PUNTO DE ACCESO ADICIONAL DE MATERIA--TÉRMINO DE MATERIA
Término de materia o nombre geográfico como elemento de entrada Pensamiento social latinoamericano
Subdivisión general Historia.
9 (RLIN) 7361
650 24 - PUNTO DE ACCESO ADICIONAL DE MATERIA--TÉRMINO DE MATERIA
Término de materia o nombre geográfico como elemento de entrada Historia cultural
Subdivisión general América Latina.
9 (RLIN) 7362
700 ## - ENTRADA AGREGADA--NOMBRE PERSONAL
Nombre de persona Romero, Luis Alberto,
Término indicativo de función/relación autor del prólogo.
9 (RLIN) 7364
710 ## - ENTRADA AGREGADA--NOMBRE DE ENTIDAD CORPORATIVA
Nombre de entidad corporativa o nombre de jurisdicción como elemento de entrada Siglo XXI Editores (Argentina),
Término indicativo de función/relación editor.
9 (RLIN) 7365
830 #0 - PUNTO DE ACCESO ADICIONAL DE SERIE-TÍTULO UNIFORME
Título uniforme Hacer historia (Siglo XXI Editores)
856 40 - LOCALIZACIÓN Y ACCESO ELECTRÓNICOS
Identificador Uniforme de Recursos <a href="https://www.sigloxxieditores.com.ar">https://www.sigloxxieditores.com.ar</a>
Nota pública Sitio web de Siglo XXI Editores.
942 ## - ELEMENTOS DE ENTRADA SECUNDARIOS (KOHA)
Fuente del sistema de clasificación o colocación Clasificación Decimal Dewey
Tipo de ítem Koha Libros físicos
980 ## - EQUIVALENCIA O REFERENCIA-CRUZADA-MENCIÓN DE SERIE--NOMBRE DE PERSONA/TÍTULO [LOCAL, CANADÁ]
ID del usuario creador del registro 21515
Nombre del creador del registro ROMINA COBOS Adquisiciones
ID del último usuario que modificó el registro 18226
Nombre del último usuario que modificó el registro Jaime Vilcazán Jefe de Análisis Documental
Existencias
Visto por última vez Total de préstamos Signatura topográfica completa Código de barras Copia número Coste, precio de reemplazo Fecha de reemplazo Facultad Tipo de ítem Koha Estado de pérdida Fuente del sistema de clasificación o colocación Restricciones de uso No para préstamo Colección Programa académico Biblioteca de origen Biblioteca actual Ubicación en estantería Fecha de adquisición Fuente de adquisición Coste, precio normal de compra
2025-12-02   307.76 R763l 82849 e1 35.00 2025-10-22 FIA Libros físicos No Perdido Clasificación Decimal Dewey No restringido Disponible para préstamos Colección General Arquitectura Biblioteca CRAI UPeU Lima Biblioteca CRAI UPeU Lima Sala principal 2025-10-20 COMPRA 30.00